Mario characters sudden death - Statistics

General Stats
  • This quiz has been taken 170 times
  • The average score is 7 of 22
Answers on the Grid
Answers color-coded by a green-red scale on the quiz's grid according to % correct below.
mario
birdo
lappy koopa
wendy koopa
troopa koopa
king bom-omb
bombette
toadette
peachette
boo
big boo
bigger boo
small boo
smaller boo
luigi
baby rosalina
baby yoshi
baby toad
shy guy
antasma
buzzy beetle
blunty beetle
bony beetle
poochy
black chest demon
axe bro
boomerang bro
bouldergeist
watoad
prince peasley
 
Answer Stats
Answer % Correct
mario
100%
birdo
64%
toadette
59%
luigi
53%
boo
52%
shy guy
44%
king bom-omb
43%
wendy koopa
43%
baby rosalina
41%
baby yoshi
38%
boomerang bro
26%
big boo
25%
buzzy beetle
25%
peachette
25%
poochy
19%
bombette
14%
bouldergeist
14%
prince peasley
10%
bony beetle
8%
antasma
6%
black chest demon
5%
bigger boo
3%
No matching quizzes found
Score Distribution
Percent of People with Each Score
Percentile by Number Answered
Your Score History
You have not taken this quiz